Diseño del sistema de iluminación de la cancha de entrenamiento y el Estadio Ecológico de Fútbol de las Instalaciones Deportivas de la Universidad de Costa Rica
שמור ב:
| מחבר ראשי: | |
|---|---|
| מחברים אחרים: | |
| פורמט: | ספר |
| שפה: | Spanish |
| יצא לאור: |
[San José], Costa Rica
2015
|
| נושאים: | |
| תגים: |
הוספת תג
אין תגיות, היה/י הראשונ/ה לתייג את הרשומה!
|
MARC
| LEADER | 00000nam a22000007a 4500 | ||
|---|---|---|---|
| 003 | 012401 | ||
| 005 | 20230912144914.0 | ||
| 008 | 160708b2015 cr ||||| |||| 00| ||spa d | ||
| 040 | |c cru CEDI | ||
| 090 | |a TFG 7559 | ||
| 100 | |9 1490 |a Padilla Benavides, Esteban , 1990- | ||
| 245 | |a Diseño del sistema de iluminación de la cancha de entrenamiento y el Estadio Ecológico de Fútbol de las Instalaciones Deportivas de la Universidad de Costa Rica | ||
| 260 | |a [San José], Costa Rica |c 2015 | ||
| 300 | |a xiv, 79 hojas ; ilustraciones a color | ||
| 500 | |a Proyecto de graduación (bachillerato en ingeniería eléctrica)--Universidad de Costa Rica. Facultad de Ingeniería. Escuela de Ingeniería Eléctrica | ||
| 501 | |a Profesor Guía de IE-0499 Proyecto Eléctrico: Ing. Juan Ramón Rodríguez Solera, Lic. | ||
| 610 | 0 | |9 1491 |a UNIVERSIDAD DE COSTA RICA. ESTADIO ECOLOGICO | |
| 650 | |x ALUMBRADO ELECTRICO- COSTA RICA |x DISEÑO EN INGENIERIA |x ESTADIOS DEPORTIVOS - COSTA RICA |9 5196 | ||
| 700 | |9 680 |a Rodríguez Solera, Juan Ramón, 1961- |d Director de Proyecto Eléctrico | ||
| 942 | |c CEDI | ||
| 999 | |c 16982 |d 16982 | ||
